Statistics for The Country Which First In Mind

Click here to take the quiz!

General Stats

  • This quiz has been taken 30 times
  • The average score is 4 of 14

Answer Stats

HintAnswer% Correct
WarRussia
93%
MoneyUSA
86%
BollywoodIndia
66%
SufferUkraine
48%
Not crowded like hellMongolia
41%
Too not crowded like hellGreenland
14%
PovertySomalia
10%
FaCeChAd
7%
SkIrtCeNtRaL AfRiCaN RePuBlIc
3%
Death in MoviesNigeria
3%
Hell like hellBrazil
0%
Crowded like hellIsrael
0%
Give me ideas plz!please
0%
extremely canny Mr IncredibleSingapore | Luxembourg | Qatar
0%

Score Distribution

Percentile by Number Answered

Percent of People with Each Score

Your Score History

You have not taken this quiz